000 00339nam a2200145Ia 4500
008 150301s2014 xx 000 0 und d
082 _a617.7
_bR14K
100 _aKHURANA, A.K.
245 _aREVIEW OF OPHTHALMOLOGY
250 _a5TH
260 _bNEW AGE.
_aINDIA
_c2014
300 _a388
650 _aOPHTHALMOLOGY
942 _2ddc
_cBK
_08
999 _c6730
_d6730